[Event "Skopje Karposh CC-ch"]
[Site "Skopje"]
[Date "2023.07.23"]
[Round "11"]
[White "Nikolovski, David"]
[Black "Jankov, Saso"]
[Result "1/2-1/2"]
[WhiteElo "1845"]
[BlackElo "2017"]
[PlyCount "31"]
[EventDate "2023.07.16"]
[EventType "tourn"]
[EventRounds "11"]
[EventCountry "MKD"]
[SourceTitle "CBM 215 Extra"]
[Source "ChessBase"]
[SourceDate "2023.09.30"]
[SourceVersion "1"]
[SourceVersionDate "2023.09.30"]
[SourceQuality "1"]

1. c4 d6 2. Nf3 c6 3. g3 Nd7 4. Bg2 Qc7 5. 0-0 e5 6. Nc3 Ngf6 7. d3 Be7 8. Rb1 a5 9. a3 0-0 10. b4 axb4 11. axb4 h6 12. b5 Re8 13. Nd2 Nf8 14. Bb2 Bd7 15. Qb3 Ne6 16. Rbc1 1/2-1/2

[Event "Skopje Karposh CC-ch"]
[Site "Skopje"]
[Date "2023.07.16"]
[Round "2"]
[White "Jankov, Saso"]
[Black "Miskoski, Misko"]
[Result "1-0"]
[WhiteElo "2017"]
[BlackElo "1906"]
[PlyCount "32"]
[EventDate "2023.07.16"]
[EventType "tourn"]
[EventRounds "11"]
[EventCountry "MKD"]
[SourceTitle "CBM 215 Extra"]
[Source "ChessBase"]
[SourceDate "2023.09.30"]
[SourceVersion "1"]
[SourceVersionDate "2023.09.30"]
[SourceQuality "1"]

1. d4 d5 2. Nf3 Nc6 3. c3 g6 4. Bf4 Bg7 5. e3 Bg4 6. h3 Bxf3 7. Qxf3 Nf6 8. Nd2 0-0 9. Bd3 Ne8 10. 0-0 e5 11. dxe5 Nxe5 12. Bxe5 Bxe5 13. Qd1 c5 14. Re1 Nd6 15. Rc1 b6 16. Qf3 Nf5 1-0

[Event "FRM-chT2"]
[Site "Struga"]
[Date "2023.07.02"]
[Round "5.4"]
[White "Jankov, Saso"]
[Black "Trajkovski, Mile"]
[Result "1-0"]
[WhiteElo "2017"]
[BlackElo "1933"]
[PlyCount "113"]
[EventDate "2023.06.30"]
[EventType "team-tourn"]
[EventRounds "7"]
[EventCountry "MKD"]
[SourceTitle "EXT 2024"]
[Source "ChessBase"]
[SourceDate "2023.10.10"]
[SourceVersion "1"]
[SourceVersionDate "2023.10.10"]
[SourceQuality "1"]

1. d4 Nf6 2. Nf3 d6 3. Bf4 Bg4 4. e3 c6 5. h3 Bxf3 6. Qxf3 Nbd7 7. Bc4 e5 8. dxe5 dxe5 9. Bg3 Qa5+ 10. c3 e4 11. Qd1 b5 12. Be2 c5 13. 0-0 Rd8 14. Qc2 c4 15. a4 Nb6 16. Nd2 Nxa4 17. Nxe4 Qb6 18. Nxf6+ Qxf6 19. Bxc4 Qc6 20. Bxb5 Qxb5 21. Rxa4 Bc5 22. Re4+ Kf8 23. Rd1 Rc8 24. Bd6+ Bxd6 25. Rxd6 h6 26. Red4 g6 27. Qd2 Kg7 28. Rd7 a5 29. R4d5 Qa4 30. Ra7 Ra8 31. Rxa8 Rxa8 32. Rd7 Qa2 33. Qd4+ Kg8 34. c4 a4 35. c5 a3 36. bxa3 Qxa3 37. Rd8+ Rxd8 38. Qxd8+ Kg7 39. Qd6 h5 40. Qd4+ Kg8 41. Kh2 Qc1 42. g3 h4 43. g4 Qc2 44. Kg2 f5 45. Qd5+ Kh7 46. gxf5 gxf5 47. c6 f4 48. Qh5+ Kg7 49. Qg5+ Kf8 50. Qxf4+ Ke7 51. Qxh4+ Kd6 52. Qd8+ Kc5 53. c7 Qe4+ 54. Kh2 Qe5+ 55. f4 Qb2+ 56. Kg3 Qg7+ 57. Kf3 1-0

[Event "FRM-chT 29th"]
[Site "Struga"]
[Date "2021.08.21"]
[Round "7"]
[White "Jankov, Saso"]
[Black "Ilic, Zoran"]
[Result "1-0"]
[WhiteElo "2014"]
[BlackElo "2264"]
[PlyCount "78"]
[EventDate "2021.08.15"]
[EventType "team-tourn"]
[EventRounds "7"]
[EventCountry "MKD"]
[SourceTitle "CBM 203 Extra"]
[Source "ChessBase"]
[SourceDate "2021.09.30"]
[SourceVersion "1"]
[SourceVersionDate "2021.09.30"]
[SourceQuality "1"]
[WhiteTeam "Skopje Karposh"]
[BlackTeam "Kumanovo GSHK"]
[WhiteTeamCountry "MKD"]
[BlackTeamCountry "MKD"]

1. d4 Nf6 2. Bf4 g6 3. Nf3 Bg7 4. e3 0-0 5. h3 d6 6. Bd3 Nbd7 7. Nbd2 Re8 8. e4 c5 9. Be3 cxd4 10. Bxd4 Nc5 11. 0-0 Nxd3 12. cxd3 e5 13. Be3 d5 14. Bg5 h6 15. Bh4 g5 16. Bg3 Nh5 17. Bxe5 f6 18. Bh2 Nf4 19. Bxf4 gxf4 20. Re1 Kh7 21. Nh4 dxe4 22. dxe4 Be6 23. Qe2 f5 24. Nhf3 Bd5 25. e5 Qb6 26. b3 Re7 27. Qd3 Be6 28. Nc4 Rd8 29. Qc2 Rc8 30. Rad1 Qa6 31. Rd6 Rc6 32. Nd4 Bxc4 33. Qxf5+ Kh8 34. Nxc6 bxc6 35. bxc4 Qa5 36. Red1 Re8 37. Qxf4 Rxe5 38. Qc1 Re8 39. Rxc6 Qxa2 1-0

[Event "FRM-chT 29th"]
[Site "Struga"]
[Date "2021.08.16"]
[Round "2"]
[White "Jankov, Saso"]
[Black "Saraci, Nderim"]
[Result "0-1"]
[WhiteElo "2014"]
[BlackElo "2455"]
[PlyCount "54"]
[EventDate "2021.08.15"]
[EventType "team-tourn"]
[EventRounds "7"]
[EventCountry "MKD"]
[SourceTitle "CBM 203 Extra"]
[Source "ChessBase"]
[SourceDate "2021.09.30"]
[SourceVersion "1"]
[SourceVersionDate "2021.09.30"]
[SourceQuality "1"]
[WhiteTeam "Skopje Karposh"]
[BlackTeam "Gostivar"]
[WhiteTeamCountry "MKD"]
[BlackTeamCountry "MKD"]

1. d4 Nf6 2. h3 g6 3. Nf3 Bg7 4. Bf4 0-0 5. e3 c5 6. c3 Qb6 7. Qc1 d5 8. Bd3 Nc6 9. 0-0 Nd7 10. Nbd2 e5 11. dxe5 Ndxe5 12. Nxe5 Nxe5 13. Bc2 Bd7 14. Re1 Bb5 15. Qb1 Rfe8 16. a4 Bc6 17. a5 Qd8 18. Ba4 Qd7 19. Bxc6 bxc6 20. Bxe5 Bxe5 21. Nf3 Bg7 22. Rd1 Rab8 23. Qc2 Qc7 24. Rdb1 Rb5 25. Qa4 Reb8 26. Qa3 Rb3 27. Qxc5 R8b5 0-1

[Event "Karposh CC-ch"]
[Site "Skopje"]
[Date "2021.06.30"]
[Round "5"]
[White "Nikolovski, David"]
[Black "Jankov, Saso"]
[Result "0-1"]
[WhiteElo "1669"]
[BlackElo "2026"]
[PlyCount "128"]
[EventDate "2021.06.28"]
[EventType "tourn"]
[EventRounds "11"]
[EventCountry "MKD"]
[SourceTitle "EXT 2022"]
[Source "ChessBase"]
[SourceDate "2021.10.06"]
[SourceVersion "1"]
[SourceVersionDate "2021.10.06"]
[SourceQuality "1"]

1. d4 d5 2. Bf4 Nf6 3. Nc3 a6 4. e3 Bf5 5. f3 h6 6. g4 Bg6 7. h4 e6 8. Bd3 Bxd3 9. Qxd3 Nc6 10. Nge2 Nb4 11. Qd2 Be7 12. a3 Nc6 13. 0-0-0 Na5 14. g5 Nd7 15. Nxd5 exd5 16. Qxa5 Nb6 17. Nc3 Qd7 18. e4 dxe4 19. fxe4 0-0-0 20. Qf5 Qxf5 21. exf5 hxg5 22. hxg5 Rxh1 23. Rxh1 Rxd4 24. f6 gxf6 25. gxf6 Bxf6 26. Be3 Rd6 27. Ne4 Re6 28. Nxf6 Rxf6 29. Bxb6 Rxb6 30. Rf1 f6 31. b3 Rd6 32. Kb2 Kd7 33. Kc3 Ke6 34. a4 f5 35. Re1+ Kf6 36. Re8 Rd7 37. b4 c6 38. Kc4 f4 39. Kc5 f3 40. Re3 Rd5+ 41. Kb6 Rf5 42. Re1 Kg5 43. Kxb7 a5 44. Kb6 axb4 45. a5 Rb5+ 46. Kxc6 Rxa5 47. Kd6 Kf4 48. Rb1 Rb5 49. Kc6 Rb8 50. Kc7 Re8 51. Rxb4+ Re4 52. Rb8 Rc4+ 53. Kd6 Rxc2 54. Kd5 Re2 55. Kd4 Rd2+ 56. Kc3 Rd7 57. Rf8+ Ke3 58. Re8+ Kf2 59. Rf8 Ke2 60. Re8+ Kf1 61. Rf8 f2 62. Rf6 Rg7 63. Kd2 Kg1 64. Ke2 Re7+ 0-1

[Event "FRM-chT qual Gr-B"]
[Site "Ohrid"]
[Date "2020.08.23"]
[Round "4.2"]
[White "Jankov, Saso"]
[Black "Kralevski, Aleksander"]
[Result "0-1"]
[WhiteElo "2030"]
[BlackElo "2102"]
[PlyCount "117"]
[EventDate "2020.08.21"]
[EventType "team-tourn"]
[EventRounds "5"]
[EventCountry "MKD"]
[SourceTitle "CBM 198 Extra"]
[Source "ChessBase"]
[SourceDate "2020.11.30"]
[SourceVersion "1"]
[SourceVersionDate "2020.11.30"]
[SourceQuality "1"]
[WhiteTeam "Skopje Karposh"]
[BlackTeam "Shipkovica Anpasan"]
[WhiteTeamCountry "MKD"]
[BlackTeamCountry "MKD"]

1. d4 d5 2. Nf3 Nf6 3. h3 c5 4. e3 e6 5. c3 Nc6 6. Bd3 Bd6 7. 0-0 0-0 8. Nbd2 e5 9. dxe5 Nxe5 10. Nxe5 Bxe5 11. Nf3 Bc7 12. b3 b6 13. Bb2 Bb7 14. Re1 Ne4 15. Qc2 Qe7 16. c4 dxc4 17. bxc4 f5 18. Rad1 Rad8 19. Be2 Rxd1 20. Rxd1 Bc6 21. Ba1 f4 22. exf4 Rxf4 23. Rd3 Rf7 24. Re3 Bf4 25. Rd3 Nf6 26. Qd1 Rf8 27. Qf1 Re8 28. Bd1 Ne4 29. Bc2 Ng5 30. Bd1 Ne4 31. Bc2 Qf7 32. Bb2 h6 33. Rd1 Nd6 34. Nh4 Ne4 35. Nf3 Nxf2 36. Re1 Rxe1 37. Qxe1 Nxh3+ 38. Kh1 Ng5 39. Nh4 Qe6 40. Qc3 Qh3+ 41. Qxh3 Nxh3 42. Ng6 Bd6 43. Be5 Nf2+ 44. Kg1 Bxe5 45. Nxe5 Be4 46. Kxf2 Bxc2 47. Ke3 Kf8 48. Nc6 a5 49. Ne5 Ke7 50. Kd2 Ba4 51. Ng6+ Kf6 52. Nf4 Bc6 53. g3 g5 54. Ne2 Ke5 55. Ke3 h5 56. Ng1 Kf5 57. Ne2 h4 58. gxh4 gxh4 59. Kf2 0-1

[Event "FRM-chT"]
[Site "Struga"]
[Date "2018.08.17"]
[Round "7.3"]
[White "Stanojoski, Zvonko"]
[Black "Jankov, Saso"]
[Result "1-0"]
[WhiteElo "2451"]
[BlackElo "1970"]
[PlyCount "83"]
[EventDate "2018.08.11"]
[EventType "team-tourn"]
[EventRounds "7"]
[EventCountry "MKD"]
[SourceTitle "CBM 186 Extra"]
[Source "ChessBase"]
[SourceDate "2018.08.24"]
[SourceVersion "1"]
[SourceVersionDate "2018.08.24"]
[SourceQuality "1"]
[WhiteTeam "Skopje Alkaloid"]
[BlackTeam "Skopje Karposh"]
[WhiteTeamCountry "MKD"]
[BlackTeamCountry "MKD"]

1. c4 d6 2. g3 c6 3. Bg2 Nd7 4. Nc3 e5 5. b4 Ngf6 6. Rb1 a6 7. a4 Qc7 8. d3 Be7 9. b5 axb5 10. axb5 Nc5 11. Nf3 0-0 12. 0-0 Bd7 13. Nd2 Qc8 14. Re1 Bg4 15. Nb3 Ne6 16. h3 Bh5 17. Be3 h6 18. Ra1 Nh7 19. Rxa8 Qxa8 20. Qa1 Qc8 21. Qa7 Nd8 22. g4 Bg6 23. bxc6 Nxc6 24. Bxc6 Qxc6 25. Na5 Qd7 26. Qxb7 Qe6 27. Qd5 Qf6 28. Nc6 Qh4 29. Nxe7+ Qxe7 30. Ra1 h5 31. Ra8 hxg4 32. hxg4 Nf6 33. Qg2 Rxa8 34. Qxa8+ Kh7 35. Qc8 Nd7 36. Nd5 Qe6 37. f3 f5 38. Nb6 Be8 39. gxf5 Qe7 40. Nd5 Qf7 41. Qd8 Qh5 42. Qe7 1-0

[Event "FRM-chT 16th"]
[Site "Ohrid"]
[Date "2017.07.28"]
[Round "5.2"]
[White "Jankov, Saso"]
[Black "Jakovenko, Dmitrij"]
[Result "0-1"]
[WhiteElo "2028"]
[BlackElo "2703"]
[PlyCount "92"]
[EventDate "2017.07.24"]
[EventType "team-tourn"]
[EventRounds "5"]
[EventCountry "MKD"]
[SourceTitle "CBM 179 Extra"]
[Source "ChessBase"]
[SourceDate "2017.08.23"]
[SourceVersion "1"]
[SourceVersionDate "2017.08.23"]
[SourceQuality "1"]
[WhiteTeam "Skopje Karposh"]
[BlackTeam "Skopje Alkaloid"]
[WhiteTeamCountry "MKD"]
[BlackTeamCountry "MKD"]

1. d4 Nf6 2. Nf3 e6 3. Bf4 b6 4. e3 Be7 5. Bd3 Nh5 6. Bg3 Bb7 7. Nbd2 d6 8. c3 Nd7 9. Qe2 a6 10. Be4 c6 11. a3 g6 12. Bd3 b5 13. Ne4 Nb6 14. Ned2 Rc8 15. 0-0 0-0 16. h3 Nxg3 17. fxg3 c5 18. Rac1 Bf6 19. Be4 d5 20. Bd3 Bg7 21. g4 f5 22. gxf5 exf5 23. b4 c4 24. Bc2 Qe7 25. Qf2 Nd7 26. Rce1 Bh6 27. Re2 Rc6 28. Rfe1 Re6 29. Nf1 a5 30. g3 Nf6 31. Ne5 Rxe5 32. dxe5 Qxe5 33. bxa5 Qxc3 34. Rb1 Bc6 35. a6 Qxa3 36. g4 d4 37. Bxf5 gxf5 38. Qxf5 Qd6 39. Rxb5 Bxb5 40. Qxb5 Qd5 41. Qxd5+ Nxd5 42. exd4 c3 43. h4 Ra8 44. Ng3 Bd2 45. Re6 c2 46. Ne2 Nf4 0-1

[Event "FRM-chT 16th"]
[Site "Ohrid"]
[Date "2017.07.24"]
[Round "1.4"]
[White "Jankov, Saso"]
[Black "Danchevski, Orce"]
[Result "0-1"]
[WhiteElo "2028"]
[BlackElo "2355"]
[PlyCount "82"]
[EventDate "2017.07.24"]
[EventType "team-tourn"]
[EventRounds "5"]
[EventCountry "MKD"]
[SourceTitle "CBM 179 Extra"]
[Source "ChessBase"]
[SourceDate "2017.08.23"]
[SourceVersion "1"]
[SourceVersionDate "2017.08.23"]
[SourceQuality "1"]
[WhiteTeam "Skopje Karposh"]
[BlackTeam "Skopje Gambit Asseko"]
[WhiteTeamCountry "MKD"]
[BlackTeamCountry "MKD"]

1. d4 g6 2. Nf3 Bg7 3. e4 c5 4. c3 Nc6 5. d5 Nb8 6. Be2 d6 7. h3 Nf6 8. Nbd2 0-0 9. 0-0 e6 10. c4 Nh5 11. Nb1 e5 12. Nc3 Nf4 13. Re1 Nxe2+ 14. Nxe2 f5 15. Nc3 f4 16. Nh2 h5 17. Qf3 a6 18. a3 Nd7 19. Qd1 Kh7 20. f3 Bf6 21. Bd2 Rg8 22. Rf1 Bh4 23. Be1 Bg3 24. Ne2 Qg5 25. Kh1 Bxe1 26. Qxe1 Qh6 27. Kg1 Nf6 28. Kf2 Qg5 29. Rg1 b5 30. Qa5 Qh4+ 31. Kf1 Bd7 32. Qc7 bxc4 33. Qxd6 Rab8 34. Qxe5 Rge8 35. Qc3 Rb3 36. Qc2 Reb8 37. Rb1 c3 38. g3 fxg3 39. Nxg3 Rxb2 40. Rxb2 Rxb2 41. Qxc3 Qxh3+ 0-1

[Event "Paracin Summer op-B 10th"]
[Site "Paracin"]
[Date "2017.07.11"]
[Round "5"]
[White "Jankov, Saso"]
[Black "Milosavljevic, Delimir"]
[Result "1-0"]
[WhiteElo "2028"]
[BlackElo "1831"]
[PlyCount "73"]
[EventDate "2017.07.07"]
[EventType "swiss"]
[EventRounds "9"]
[EventCountry "SRB"]
[SourceTitle "EXT 2020"]
[Source "ChessBase"]
[SourceDate "2019.10.17"]
[SourceVersion "1"]
[SourceVersionDate "2019.10.17"]
[SourceQuality "1"]

1. d4 Nf6 2. Nf3 g6 3. e3 Bg7 4. Bd3 d5 5. h3 0-0 6. 0-0 Nbd7 7. Nbd2 c5 8. c3 b6 9. e4 cxd4 10. e5 Nh5 11. cxd4 Nf4 12. Bc2 Ba6 13. Re1 Nd3 14. Bxd3 Bxd3 15. Nf1 Bxf1 16. Rxf1 e6 17. Be3 Rc8 18. Rc1 Qe7 19. Qd2 f5 20. Bg5 Qf7 21. Bh6 f4 22. Bxg7 Kxg7 23. Qb4 h6 24. Qd6 Rfd8 25. Qa3 Nb8 26. b4 Qd7 27. Qd3 g5 28. b5 Qb7 29. Nh2 Rd7 30. Ng4 Rdd8 31. Nf6 Rh8 32. Qb1 Rc4 33. Rxc4 dxc4 34. Rc1 Nd7 35. Nh5+ Kf7 36. Rxc4 Rc8 37. Qh7+ 1-0

[Event "SRB Central-ch op-B 9th"]
[Site "Paracin"]
[Date "2016.07.09"]
[Round "3"]
[White "Jankov, Saso"]
[Black "Vujcic, Milena"]
[Result "1/2-1/2"]
[WhiteElo "2007"]
[BlackElo "1906"]
[PlyCount "62"]
[EventDate "2016.07.07"]
[EventType "swiss"]
[EventRounds "9"]
[EventCountry "SRB"]
[SourceTitle "CBM 173 Extra"]
[Source "ChessBase"]
[SourceDate "2016.08.29"]
[SourceVersion "1"]
[SourceVersionDate "2016.08.29"]
[SourceQuality "1"]

1. d4 Nf6 2. e3 g6 3. Nf3 Bg7 4. Bd3 0-0 5. 0-0 d6 6. Nbd2 c5 7. c3 Nbd7 8. e4 Qc7 9. Re1 Nh5 10. Nf1 e5 11. dxe5 dxe5 12. Ne3 Nb6 13. c4 Nf4 14. Qc2 Ne6 15. a4 Nd4 16. Nxd4 exd4 17. Nd5 Nxd5 18. cxd5 f5 19. f3 fxe4 20. fxe4 Be5 21. h3 Bh2+ 22. Kh1 Qg3 23. Rf1 Bxh3 24. Bh6 Bg4 25. Qxc5 Bf3 26. Rxf3 Rxf3 27. gxf3 Qh3 28. Qc2 Bf4+ 29. Kg1 Qxh6 30. Qg2 Be3+ 31. Kf1 Qf4 1/2-1/2

[Event "SRB Central-ch op-B 9th"]
[Site "Paracin"]
[Date "2016.07.08"]
[Round "2"]
[White "Jovovic, Jovan"]
[Black "Jankov, Saso"]
[Result "0-1"]
[WhiteElo "1823"]
[BlackElo "2007"]
[PlyCount "90"]
[EventDate "2016.07.07"]
[EventType "swiss"]
[EventRounds "9"]
[EventCountry "SRB"]
[SourceTitle "CBM 173 Extra"]
[Source "ChessBase"]
[SourceDate "2016.08.29"]
[SourceVersion "1"]
[SourceVersionDate "2016.08.29"]
[SourceQuality "1"]

1. d4 d6 2. Nf3 c6 3. e4 Nd7 4. Bd3 e5 5. c3 Ngf6 6. Bg5 Be7 7. 0-0 0-0 8. Nbd2 h6 9. Bh4 Qc7 10. Qe2 Re8 11. h3 Nf8 12. Bg3 Ng6 13. a4 a5 14. dxe5 dxe5 15. Nc4 Bd6 16. Rfd1 Be6 17. Ne3 Nh5 18. Nf5 Ngf4 19. Qc2 Bxf5 20. exf5 Nxg3 21. fxg3 Bc5+ 22. Kh2 Nxd3 23. Qxd3 e4 24. Qc4 exf3 25. Qxc5 Re2 26. Rg1 Rae8 27. f6 g6 28. Raf1 R8e3 29. Rf2 b6 30. Rxe2 bxc5 31. Rxe3 fxg2 32. Kxg2 Qd6 33. Rf3 g5 34. g4 c4 35. Rgf1 c5 36. R1f2 Qc6 37. Kg3 Kh7 38. Rf5 Qe4 39. h4 Qe3+ 40. R2f3 Qg1+ 41. Kh3 Qh1+ 42. Kg3 Qxh4+ 43. Kg2 Qxg4+ 44. Kf1 Qe4 45. Kg2 Kg6 0-1

[Event "FRM-chT 24th"]
[Site "Struga"]
[Date "2015.07.21"]
[Round "2"]
[White "Jankov, Saso"]
[Black "Pancevski, Filip"]
[Result "0-1"]
[WhiteElo "2093"]
[BlackElo "2499"]
[PlyCount "42"]
[EventDate "2015.07.20"]
[EventType "team-tourn"]
[EventRounds "7"]
[EventCountry "MKD"]
[SourceTitle "CBM 167 Extra"]
[Source "ChessBase"]
[SourceDate "2015.09.14"]
[SourceVersion "1"]
[SourceVersionDate "2015.09.14"]
[SourceQuality "1"]
[WhiteTeam "Skopje Karposh"]
[BlackTeam "Skopje Alkaloid"]
[WhiteTeamCountry "MKD"]
[BlackTeamCountry "MKD"]

1. d4 Nf6 2. Nf3 c5 3. c3 Qa5 4. Bd2 Qb6 5. Qc2 Nc6 6. Be3 Ng4 7. Nbd2 Nxe3 8. fxe3 d5 9. Nb3 c4 10. Nbd2 f5 11. g3 g6 12. h4 e5 13. 0-0-0 e4 14. Ng5 Bh6 15. b3 cxb3 16. Nxb3 Qd8 17. Kd2 a5 18. Nh3 a4 19. Nc5 Qa5 20. Nf4 Bxf4 21. gxf4 b6 0-1

[Event "SRB Central-ch op-B 8th"]
[Site "Paracin"]
[Date "2015.07.08"]
[Round "7"]
[White "Jankov, Saso"]
[Black "Milosavljevic, Delimir"]
[Result "1-0"]
[WhiteElo "2093"]
[BlackElo "1864"]
[PlyCount "41"]
[EventDate "2015.07.03"]
[EventType "swiss"]
[EventRounds "9"]
[EventCountry "SRB"]
[SourceTitle "CBM 167 Extra"]
[Source "ChessBase"]
[SourceDate "2015.09.14"]
[SourceVersion "1"]
[SourceVersionDate "2015.09.14"]
[SourceQuality "1"]

1. d4 Nf6 2. Nf3 g6 3. Bf4 Bg7 4. e3 d6 5. h3 0-0 6. Be2 Nbd7 7. 0-0 Re8 8. Nbd2 e5 9. dxe5 dxe5 10. Bh2 e4 11. Nd4 c6 12. c3 a6 13. Nc4 Nd5 14. Nd6 Rf8 15. Nxe4 Ne5 16. Nf3 Nxf3+ 17. Bxf3 Qb6 18. Qb3 Qa7 19. Nd6 Nb6 20. Nxc8 Raxc8 21. Bd6 1-0

[Event "FRM-chT 2nd League"]
[Site "Skopje"]
[Date "2011.04.17"]
[Round "3"]
[White "Selkovski, Zarko"]
[Black "Jankov, Saso"]
[Result "1/2-1/2"]
[WhiteElo "2026"]
[BlackElo "2164"]
[PlyCount "94"]
[EventDate "2011.04.10"]
[EventType "team-tourn"]
[EventRounds "7"]
[EventCountry "MKD"]
[SourceTitle "EXT 2019"]
[Source "ChessBase"]
[SourceDate "2018.10.10"]
[SourceVersion "1"]
[SourceVersionDate "2018.10.10"]
[SourceQuality "1"]

1. d4 Nf6 2. c4 g6 3. Nc3 Bg7 4. e4 d6 5. Nf3 Bg4 6. h3 Bxf3 7. Qxf3 e5 8. dxe5 dxe5 9. Bg5 c6 10. Rd1 Qe7 11. a3 h6 12. Bh4 Qe6 13. Be2 Nbd7 14. Qe3 g5 15. Bg3 Bf8 16. Qd2 Be7 17. Qc2 h5 18. h4 g4 19. Rd2 Bc5 20. Bd3 a5 21. 0-0 Nf8 22. Na4 Bd4 23. c5 Ng6 24. Nb6 Rd8 25. b4 axb4 26. axb4 Qe7 27. Nc4 0-0 28. Nd6 Rxd6 29. cxd6 Qxd6 30. Qb3 Nd7 31. Rfd1 Qe7 32. Be2 c5 33. bxc5 Nxc5 34. Qc2 Ne6 35. Bc4 Rc8 36. Qa2 Nc5 37. Bd5 Na6 38. Qb3 Nc5 39. Qc4 b6 40. Rb1 Qf6 41. Qb5 Ne7 42. Qxb6 Nxd5 43. exd5 Qxb6 44. Rxb6 Ne4 45. Rxd4 exd4 46. Rb8 Rxb8 47. Bxb8 d3 1/2-1/2

[Event "Skopje Karposh op"]
[Site "Skopje"]
[Date "2011.04.02"]
[Round "1"]
[White "Blagojevic, Dragisa"]
[Black "Jankov, Saso"]
[Result "1-0"]
[WhiteElo "2524"]
[BlackElo "2164"]
[PlyCount "63"]
[EventDate "2011.04.02"]
[EventType "swiss"]
[EventRounds "9"]
[EventCountry "MKD"]
[SourceTitle "CBM 141 Extra"]
[Source "ChessBase"]
[SourceDate "2011.05.03"]
[SourceVersion "1"]
[SourceVersionDate "2011.05.03"]
[SourceQuality "1"]

1. d4 Nf6 2. c4 g6 3. Nf3 Bg7 4. g3 d6 5. Bg2 0-0 6. 0-0 Nc6 7. Nc3 Bg4 8. d5 Bxf3 9. exf3 Ne5 10. Qe2 Re8 11. Be3 c5 12. Rfe1 Qa5 13. Bd2 Qb6 14. b3 a6 15. f4 Ned7 16. Qd3 Rad8 17. Re2 Qc7 18. Rae1 Nf8 19. Bh3 Kh8 20. f5 Rb8 21. a4 Qd8 22. fxg6 hxg6 23. Re3 N8d7 24. Qe2 Bh6 25. f4 Ng8 26. Ne4 Qc7 27. Bc3+ Bg7 28. Ng5 Rf8 29. Qg4 Ndf6 30. Qh4+ Nh6 31. Rxe7 Qb6 32. Bxf6 1-0

[Event "FRM-chT 18th"]
[Site "Struga"]
[Date "2009.08.11"]
[Round "2"]
[White "Jankov, Saso"]
[Black "Kacakovski, Dimitar"]
[Result "1-0"]
[WhiteElo "2168"]
[BlackElo "2190"]
[PlyCount "119"]
[EventDate "2009.08.10"]
[EventType "team-tourn"]
[EventRounds "7"]
[EventCountry "MKD"]
[SourceTitle "CBM 131 Extra"]
[Source "ChessBase"]
[SourceDate "2009.09.03"]
[SourceVersion "2"]
[SourceVersionDate "2009.09.16"]
[SourceQuality "1"]

1. d4 d5 2. Nf3 e6 3. e3 Nf6 4. Bd3 c5 5. c3 Nc6 6. Nbd2 Bd6 7. 0-0 0-0 8. e4 cxd4 9. cxd4 dxe4 10. Nxe4 Be7 11. Be3 Nb4 12. Nxf6+ Bxf6 13. Be4 Nd5 14. Qd2 b6 15. Rfe1 Bb7 16. Rac1 Qe7 17. a3 Rac8 18. Ne5 g6 19. Ng4 Bg7 20. Bh6 f5 21. Bxd5 Bxd5 22. Bxg7 Qxg7 23. Ne5 g5 24. Rxc8 Rxc8 25. Rc1 Rxc1+ 26. Qxc1 h6 27. Qc8+ Kh7 28. h3 Qe7 29. f3 Bb7 30. Qb8 a5 31. b4 axb4 32. axb4 h5 33. Qa7 Qc7 34. Kh2 Kh6 35. Qa3 h4 36. b5 Kg7 37. Qe3 Qd8 38. Nc6 Qf6 39. Ne5 Qd8 40. Qc3 Bd5 41. Qc1 Bb7 42. Nc6 Qd6+ 43. Kh1 Qg3 44. Qe3 Kf6 45. d5 Qd6 46. Qd4+ Kg6 47. Qxb6 Qg3 48. dxe6 Qe1+ 49. Qg1 Qxe6 50. Nd8 Qc8 51. Qb6+ Kh5 52. Nxb7 Qc1+ 53. Qg1 Qc7 54. Qc5 Qxb7 55. b6 Kg6 56. Qc7 Qd5 57. b7 g4 58. Qb6+ Kg5 59. b8Q Qd1+ 60. Qg1 1-0